| 000 | 00369nam a22001577a 4500 | ||
|---|---|---|---|
| 003 | CEME | ||
| 005 | 20210628205200.0 | ||
| 008 | 210210b xxu||||| |||| 00| 0 eng d | ||
| 020 | _a0-19-577727-1 | ||
| 040 | _c. | ||
| 082 | _a954.92 NIA'B | ||
| 245 | _aThe betrayal of east pakistan | ||
| 260 |
_aOXFORD _bKARACHI _c1998 |
||
| 300 | _aXXXI, 332P | ||
| 942 |
_cBK _2ddc |
||
| 999 |
_c579856 _d579856 |
||